| Tag |
First Indicator |
Second Indicator |
Subfields |
| LEADER |
00000cam a2200000 a 4500 |
| 001 |
in00000557821 |
| 005 |
20151014054541.0 |
| 008 |
840509s1983 at a b 00110 eng d |
| 010 |
|
|
|a 83072349
|
| 019 |
|
|
|a 10611203
|
| 020 |
|
|
|a 0121437507 :
|c $31.00
|
| 035 |
|
|
|a (OCoLC)10709682
|
| 035 |
|
|
|9 ACK5917AM
|
| 040 |
|
|
|a AZA
|c AZA
|d MDU
|d OCL
|d UCH
|d TXA
|d UtOrBLW
|
| 049 |
|
|
|a TXAM
|c [A08323734]
|
| 090 |
|
|
|a QH607
|b .B95 1983
|
| 096 |
|
|
|a QH 604 B955g 1983
|
| 100 |
1 |
|
|a Burgess, Antony.
|
| 245 |
1 |
0 |
|a Growth factors and stem cells /
|c by Antony Burgess and Nicos Nicola.
|
| 264 |
|
1 |
|a Sydney ;
|a New York :
|b Academic Press,
|c 1983.
|
| 300 |
|
|
|a xi, 355 pages :
|b illustrations ;
|c 24 cm.
|
| 336 |
|
|
|a text
|b txt
|2 rdacontent
|
| 337 |
|
|
|a unmediated
|b n
|2 rdamedia
|
| 338 |
|
|
|a volume
|b nc
|2 rdacarrier
|
| 504 |
|
|
|a Includes bibliographies and index.
|
| 650 |
|
0 |
|a Cell differentiation.
|
| 650 |
|
0 |
|a Cells
|x Growth.
|
| 650 |
|
2 |
|a Cell Differentiation.
|
| 650 |
|
2 |
|a Growth Substances.
|
| 650 |
|
2 |
|a Stem Cells
|x physiology.
|
| 700 |
1 |
|
|a Nicola, Nicos.
|
| 999 |
|
|
|a MARS
|
| 999 |
f |
f |
|s 0e94be72-7600-322c-bfa2-0ee343fa3618
|i c3c95b3c-1979-32d7-a840-40b1460a3542
|t 0
|
| 952 |
f |
f |
|p ric
|a Texas A&M University
|b Rellis Campus
|c Joint Library Facility
|d Remote Storage
|t 0
|e QH607 .B95 1983
|h Library of Congress classification
|i unmediated -- volume
|m A14808323734
|
| 998 |
f |
f |
|a QH607 .B95 1983
|t 0
|l Remote Storage
|